[Event "29th Czech Open-Rapid 2018"]
[Site "Pardubice"]
[Date "2018.07.18"]
[Round "2"]
[White "Kukelko, Alexey"]
[Black "Potapov, Alexander"]
[Result "1/2-1/2"]
[WhiteElo "2196"]
[BlackElo "2404"]
[Annotator "TA"]
[PlyCount "189"]
[EventDate "2018.07.18"]
[EventType "swiss"]
[EventCountry "CZE"]
[SourceTitle "playchess.com"]
[Source "ChessBase"]
[SourceQuality "1"]

{[%evp 14,189,56,34,106,119,118,120,125,133,110,77,74,72,74,82,84,71,70,77,85,36,74,42,77,70,74,69,69,58,59,62,68,48,72,75,83,66,80,83,70,58,84,8,5,0,0,0,0,0,11,8,14,10,48,0,0,0,0,-41,0,0,0,0,5,8,73,114,91,80,115,96,107,96,320,18,4,8,5,0,0,0,0,-26,0,-8,0,0,0,0,0,0,0,0,0,-29972,-29973,-29973,-29972,-29971,0,0,0,0,0,0,0,0,0,0,0,0,0,0,0,0,0,0,0,0,0,0,0,0,0,-29973,0,0,0,0,0,0,0,0,0,0,0,0,0,0,0,0,0,0,0,0,0,0,0,0,0,0,0,0,0,0,0,0,0,0,0,0,0,0,0,0,0,0,0,0,0,0,0,0,0,0,0,0]} 1. e4 e5 2. Nf3 Nc6 3. Nc3 Nf6 4. Be2 Bc5 5. Nxe5 Nxe5 6. d4 Bb4 {C47: Scotch Four Knights and Four Knights with 4 g3} (6... Bd6 7. dxe5 Bxe5 8. Nb5 O-O 9. f4 Nxe4 10. Qd5 Bf6 11. Qxe4 Re8 12. Qf3 a6 13. Nc3 Bxc3+ 14. bxc3 Qe7 15. Bd2 d5 16. O-O {1-0 (16) Grischuk,A (2779)-Ponomariov,R (2743) Khanty-Mansiysk 2013}) 7. dxe5 Nxe4 8. Qd4 {LiveBook: 5 Games} Bxc3+ (8... Nxc3 $1 $14 9. bxc3 (9. Qxb4 Nxe2 10. Kxe2 d5 $11) 9... Be7) 9. bxc3 $16 Ng5 10. Ba3 Ne6 11. Qe4 Qg5 $146 ({Predecessor:} 11... c5 12. f4 Qa5 13. Bb2 O-O 14. O-O {0-1 (34) Engbrecht,H (2024)-Denisow,J (2180) Schwaebisch Gmuend 2014}) 12. O-O Qf4 13. Qd5 Qa4 14. Qb3 Qxb3 15. axb3 b6 16. Bf3 Rb8 17. b4 Ba6 18. Rfe1 Bc4 19. Bc1 a6 20. g3 O-O 21. Rd1 Rfd8 22. Be3 Kf8 23. Be4 h6 24. f4 d5 25. exd6 Rxd6 26. Rxd6 cxd6 27. Bd3 (27. Kf2 {keeps more tension.} Nc7 28. Bf3 f5 29. h4 Kf7 30. h5) 27... Rc8 28. Bxc4 (28. Ra3 $16) 28... Rxc4 {[%mdl 4096] Endgame KRB-KRN} 29. Bd2 Nc7 30. Kf2 Ke7 31. Ke3 Kd7 32. Kd3 b5 33. Be3 h5 34. Bd4 (34. Bb6 $5 {[%cal Rb6c7]}) 34... g6 35. h3 Rc6 36. g4 hxg4 37. hxg4 Nd5 38. f5 g5 39. Rh1 Nf4+ {[#]} (39... Rc4 $11) 40. Ke4 $1 Rc8 41. Rh7 Re8+ 42. Kf3 Ke7 43. Rg7 Rc8 $2 (43... Nh3 $16 {is a better defense.}) 44. f6+ $2 ({White has to play} 44. Rxg5 $18 Nd5 45. Rg7) 44... Ke6 $11 {With the idea ...Nd5.} 45. Rxg5 Nd5 46. Rg7 Nxc3 {Strongly threatening ...Rc4.} 47. g5 {[%cal Bg4g5,Bg5g6][%mdl 32]} Nd5 48. g6 Rf8 (48... fxg6 {with more complications.} 49. c3 g5 50. f7 Rf8 51. Ke4 Nc7) 49. Kg4 (49. Rxf7 {is more complex.} Rxf7 50. gxf7 Kxf7 51. c3 Ke6 52. Kg4) 49... Nxf6+ (49... Nxb4 {looks sharper.} 50. Kg5 Nc6 51. Bb2 a5 52. Rh7 fxg6 53. Rc7 Kd5) 50. Bxf6 Kxf6 51. Rxf7+ Rxf7 52. gxf7 Kxf7 {K3P-KPP} 53. Kf5 Ke7 54. c3 $2 {[%mdl 8192] [#]} (54. Kf4 $11) 54... Kf7 $1 {[%cal Rf7e7]} 55. Ke4 Ke6 56. Kd4 Ke7 $2 (56... Kf5 57. Kd5 Kf4 58. Kd4 Kf3 59. Kd3 d5 60. Kd4 Ke2 61. Kxd5 Kd3 62. c4 bxc4 63. Kc5 c3 64. Kd6 Kc4 65. Ke7 Kxb4 66. Kd6 a5 67. Kc7 a4 68. Kd6 a3 69. Kd5 a2 70. Kd4 c2 71. Ke4 c1=Q 72. Kf3 a1=Q 73. Kg4 Qf6 74. Kh3 Qh1+ 75. Kg4 Qhh4#) 57. Kd5 Kd7 58. Ke4 Kc6 59. Kd4 Kc7 {aiming for ...Kd8.} (59... Kb6 $5) 60. Kd5 Kd7 61. Ke4 Kc6 62. Kd4 Kb6 63. Kd5 Kc7 64. Ke4 Kd7 65. Kd5 Kc7 66. Ke4 Kd8 67. Kd5 Kd7 68. Ke4 Ke6 $2 {[%mdl 8192]} (68... Kc8 $11 69. Kf5 Kc7 70. Ke4) 69. Kd4 $1 {intending Ke4.} d5 $2 (69... Kf5 {mates} 70. Kd5 Kf4 71. Kc6 Ke3 72. Kb6 Kd3 73. Kxa6 Kc4 74. Kb6 d5 75. Kc6 Kxc3 76. Kxd5 Kxb4 77. Kd4 Ka3 78. Ke5 b4 79. Kf6 b3 80. Kg5 b2 81. Kf5 b1=Q+ 82. Ke5 Qd3 83. Kf4 Qb1 84. Ke5 Qb5+ 85. Kf6 Kb4 86. Kg6 Qe5 87. Kf7 Kc5 88. Kg6 Kd6 89. Kh7 Ke6 90. Kg8 Kf6 91. Kh7 Qc7+ 92. Kh8 Qg7#) 70. Kd3 {The position is equal.} Kd7 (70... Ke5 $5) 71. Ke3 Ke7 72. Kd3 Ke6 73. Ke3 Ke5 74. Kd3 $1 {[#]} d4 $1 {[%mdl 512]} 75. cxd4+ {KPP-KPP} Kd5 76. Ke3 Kc4 77. Ke4 a5 $1 {[%cal Ra5b4]} ({Wrong is} 77... Kxb4 $2 78. d5 $18) 78. bxa5 {KPP-KP} b4 79. a6 {White wants to mate with a7.} b3 {And now ...b2 would win.} 80. a7 b2 81. a8=Q {Intending Qa2+ and mate.} b1=Q+ {KQ-KQ} 82. Ke5 {White threatens Qc6+ and mate.} Qb5+ 83. d5 Qb2+ 84. Ke6 Qe2+ 85. Kd6 {Qa6+ would kill now.} Qh2+ 86. Kc6 Qh6+ 87. Kc7 Qg7+ 88. Kc6 Qf6+ 89. Kd7 Qf7+ 90. Kd6 Qf6+ 91. Kd7 Qf5+ 92. Kd6 {Threatens to win with Qa4+.} Qf6+ 93. Kd7 Qf7+ 94. Kd6 {Black must now prevent Qa4+.} Qf6+ 95. Kd7 {Precision: White = 59%, Black = 58%.} 1/2-1/2

[Event "29th Czech Open-Rapid 2018"]
[Site "Pardubice"]
[Date "2018.07.18"]
[Round "2"]
[White "Illetsko, Jaroslav"]
[Black "Jazdanovs, Aleksandrs"]
[Result "0-1"]
[WhiteElo "2177"]
[BlackElo "2205"]
[Annotator "NA"]
[PlyCount "64"]
[EventDate "2018.07.18"]
[EventType "swiss"]
[EventCountry "CZE"]
[SourceTitle "playchess.com"]
[Source "ChessBase"]
[SourceQuality "1"]
[TimeControl "900+10"]

1. e4 {[%emt 0:00:39]} c5 {[%emt 0:00:00]} 2. Nf3 {[%emt 0:00:04]} d6 {[%emt 0:00:00]} 3. Bb5+ {[%emt 0:00:13]} Bd7 {[%emt 0:00:00]} 4. a4 {[%emt 0:00:03]} Bc6 {[%emt 0:00:18]} 5. O-O {[%emt 0:00:29]} Nf6 {[%emt 0:00:12]} 6. e5 {[%emt 0:00:43]} dxe5 {[%emt 0:00:04]} 7. Nxe5 {[%emt 0:00:04]} Qc7 {[%emt 0:00:13]} 8. Re1 {[%emt 0:02:05]} e6 {[%emt 0:00:04]} 9. h3 {[%emt 0:03:51]} Bd6 {[%emt 0:00:07]} 10. Nxc6 {[%emt 0:00:22]} Nxc6 {[%emt 0:00:07]} 11. Nc3 {[%emt 0:00:47]} O-O {[%emt 0:00:24]} 12. Bxc6 {[%emt 0:00:03]} Qxc6 {[%emt 0:00:03]} 13. d3 {[%emt 0:00:07]} c4 {[%emt 0:00:41]} 14. dxc4 {[%emt 0:00:31]} Rfd8 {[%emt 0:00:28]} 15. Qe2 {[%emt 0:00:06]} Bb4 {[%emt 0:00:10]} 16. Bd2 {[%emt 0:00:42]} Rd4 {[%emt 0:00:42]} 17. Red1 {[%emt 0:03:32]} Rxc4 {[%emt 0:00:31]} 18. Nb5 {[%emt 0:01:37]} Bxd2 {[%emt 0:01:16]} 19. Qxd2 {[%emt 0:00:05]} Rxc2 {[%emt 0:00:11]} 20. Qf4 {[%emt 0:01:05]} Nd5 {[%emt 0:01:31]} 21. Qg3 {[%emt 0:00:03]} Rxb2 {[%emt 0:00:25]} 22. Rdc1 {[%emt 0:00:32]} Rc2 {[%emt 0:00:18]} 23. Rxc2 {[%emt 0:00:29]} Qxc2 {[%emt 0:00:02]} 24. Nxa7 {[%emt 0:00:15]} Qc3 {[%emt 0:00:21]} 25. Qxc3 {[%emt 0:00:11]} Nxc3 {[%emt 0:00:01]} 26. Ra3 {[%emt 0:00:07]} Nd5 {[%emt 0:00:53]} 27. Nb5 {[%emt 0:00:05]} b6 {[%emt 0:00:15]} 28. Kf1 {[%emt 0:00:21]} g6 {[%emt 0:00:26]} 29. g3 {[%emt 0:00:10]} Nf6 {[%emt 0:00:24]} 30. Nc3 {[%emt 0:00:14]} Kf8 {[%emt 0:00:58]} 31. Rb3 {[%emt 0:00:10]} Nd7 {[%emt 0:00:01]} 32. Rb4 {[%emt 0:00:10]} Ke7 {[%emt 0:00:12]} 0-1

[Event "29th Czech Open-Rapid 2018"]
[Site "Pardubice"]
[Date "2018.07.18"]
[Round "2"]
[White "Nehyba, Martin"]
[Black "Valenta, Vit Sr"]
[Result "1/2-1/2"]
[WhiteElo "2163"]
[BlackElo "2127"]
[Annotator "NA"]
[PlyCount "141"]
[EventDate "2018.07.18"]
[EventType "swiss"]
[EventCountry "CZE"]
[SourceTitle "playchess.com"]
[Source "ChessBase"]
[SourceQuality "1"]
[TimeControl "900+10"]

1. e4 {[%emt 0:00:00]} c5 {[%emt 0:00:00]} 2. c3 {[%emt 0:00:03]} Nf6 {[%emt 0:00:00]} 3. e5 {[%emt 0:00:02]} Nd5 {[%emt 0:00:00]} 4. d4 {[%emt 0:00:01]} cxd4 {[%emt 0:00:03]} 5. Nf3 {[%emt 0:00:02]} Nc6 {[%emt 0:00:20]} 6. cxd4 {[%emt 0:00:05]} e6 {[%emt 0:00:10]} 7. Bc4 {[%emt 0:00:21]} Nb6 {[%emt 0:00:22]} 8. Bb3 {[%emt 0:00:10]} d6 {[%emt 0:00:35]} 9. Nc3 {[%emt 0:00:32]} dxe5 {[%emt 0:00:08]} 10. dxe5 {[%emt 0:00:02]} Qxd1+ {[%emt 0:00:05]} 11. Bxd1 {[%emt 0:00:04]} Bc5 {[%emt 0:00:06]} 12. Ne4 {[%emt 0:00:57]} Bb4+ {[%emt 0:00:33]} 13. Ke2 {[%emt 0:00:07]} O-O {[%emt 0:00:09]} 14. a3 {[%emt 0:00:01]} Be7 {[%emt 0:00:04]} 15. b4 {[%emt 0:00:02]} Nc4 {[%emt 0:00:11]} 16. Bf4 {[%emt 0:00:13]} a6 {[%emt 0:00:18]} 17. Bb3 {[%emt 0:00:09]} Nb6 {[%emt 0:00:22]} 18. Rhd1 {[%emt 0:00:46]} a5 {[%emt 0:01:12]} 19. Be3 {[%emt 0:00:37]} Nd5 {[%emt 0:00:26]} 20. b5 {[%emt 0:01:57]} Nxe3 {[%emt 0:00:52]} 21. Kxe3 {[%emt 0:01:57]} a4 {[%emt 0:00:11]} 22. bxc6 {[%emt 0:00:53]} axb3 {[%emt 0:00:02]} 23. c7 {[%emt 0:00:12]} f6 {[%emt 0:03:33]} 24. Nd6 {[%emt 0:01:21]} fxe5 {[%emt 0:00:42]} 25. Nxe5 {[%emt 0:01:48]} Bg5+ {[%emt 0:01:35]} 26. Ke2 {[%emt 0:00:20]} Ra5 {[%emt 0:00:44]} 27. Nf3 {[%emt 0:00:52]} Bf6 {[%emt 0:00:21]} 28. Rab1 {[%emt 0:02:32]} Rxa3 {[%emt 0:00:27]} 29. Nd4 {[%emt 0:01:10]} b6 {[%emt 0:01:41]} 30. Nxc8 {[%emt 0:00:21]} Rxc8 {[%emt 0:00:03]} 31. Nxe6 {[%emt 0:00:01]} Kf7 {[%emt 0:01:52]} 32. Rd8 {[%emt 0:00:31]} Raa8 {[%emt 0:00:02]} 33. Rxc8 {[%emt 0:01:55]} Rxc8 {[%emt 0:00:02]} 34. Nf4 {[%emt 0:00:13]} Rxc7 {[%emt 0:01:06]} 35. Rxb3 {[%emt 0:00:01]} Rc2+ {[%emt 0:00:09]} 36. Ke3 {[%emt 0:00:27]} Rc6 {[%emt 0:00:32]} 37. Nd5 {[%emt 0:00:13]} Bd8 {[%emt 0:00:09]} 38. f4 {[%emt 0:00:10]} Rd6 {[%emt 0:00:07]} 39. Nc3 {[%emt 0:00:06]} Bf6 {[%emt 0:00:14]} 40. Ne4 {[%emt 0:00:04]} Bd4+ {[%emt 0:00:02]} 41. Kf3 {[%emt 0:00:13]} Rd7 {[%emt 0:00:18]} 42. Rb4 {[%emt 0:00:15]} h6 {[%emt 0:00:30]} 43. Ng3 {[%emt 0:00:12]} Bc5 {[%emt 0:00:06]} 44. Rb3 {[%emt 0:00:01]} Ke6 {[%emt 0:00:10]} 45. Ne4 {[%emt 0:00:05]} Bd4 {[%emt 0:00:22]} 46. g4 {[%emt 0:00:20]} Kd5 {[%emt 0:00:02]} 47. Nd2 {[%emt 0:00:06]} Rc7 {[%emt 0:00:15]} 48. Rb5+ {[%emt 0:00:08]} Kd6 {[%emt 0:00:09]} 49. Ke4 {[%emt 0:00:04]} Bg1 {[%emt 0:00:23]} 50. Nf3 {[%emt 0:00:15]} Rc4+ {[%emt 0:00:10]} 51. Kd3 {[%emt 0:00:11]} Rxf4 {[%emt 0:00:16]} 52. Nxg1 {[%emt 0:00:02]} Rxg4 {[%emt 0:00:01]} 53. Nf3 {[%emt 0:00:06]} Kc6 {[%emt 0:00:01]} 54. Rf5 {[%emt 0:00:13]} g6 {[%emt 0:00:07]} 55. Rf6+ {[%emt 0:00:30]} Kc5 {[%emt 0:00:07]} 56. Ne5 {[%emt 0:00:05]} Rh4 {[%emt 0:00:34]} 57. Nf3 {[%emt 0:00:07]} Rh3 {[%emt 0:00:04]} 58. Ke4 {[%emt 0:00:03]} g5 {[%emt 0:00:01]} 59. Rg6 {[%emt 0:00:13]} b5 {[%emt 0:00:05]} 60. Rg8 {[%emt 0:00:08]} b4 {[%emt 0:00:06]} 61. Rc8+ {[%emt 0:00:01]} Kb5 {[%emt 0:00:01]} 62. Nd4+ {[%emt 0:00:05]} Ka5 {[%emt 0:00:06]} 63. Ra8+ {[%emt 0:00:08]} Kb6 {[%emt 0:00:02]} 64. Ra2 {[%emt 0:00:01]} Kc5 {[%emt 0:00:11]} 65. Rc2+ {[%emt 0:00:02]} Kb6 {[%emt 0:00:05]} 66. Kf5 {[%emt 0:00:25]} Rh4 {[%emt 0:00:54]} 67. Ke5 {[%emt 0:00:30]} h5 {[%emt 0:00:16]} 68. Rb2 {[%emt 0:00:13]} Kc5 {[%emt 0:00:03]} 69. Rc2+ {[%emt 0:00:04]} Kb6 {[%emt 0:00:03]} 70. Rb2 {[%emt 0:00:21]} Kc5 {[%emt 0:00:01]} 71. Rc2+ {[%emt 0:00:11]} 1/2-1/2

[Event "29th Czech Open-Rapid 2018"]
[Site "Pardubice"]
[Date "2018.07.18"]
[Round "2"]
[White "Maslak, Alexander"]
[Black "Vestfal, Jan"]
[Result "1-0"]
[WhiteElo "2154"]
[BlackElo "1407"]
[Annotator "NA"]
[PlyCount "91"]
[EventDate "2018.07.18"]
[EventType "swiss"]
[EventCountry "CZE"]
[SourceTitle "playchess.com"]
[Source "ChessBase"]
[SourceQuality "1"]
[TimeControl "900+10"]

1. e4 {[%emt 0:00:00]} c5 {[%emt 0:00:00]} 2. Nf3 {[%emt 0:00:00]} d6 {[%emt 0:00:00]} 3. d4 {[%emt 0:00:00]} cxd4 {[%emt 0:00:01]} 4. Nxd4 {[%emt 0:00:00]} Nf6 {[%emt 0:00:10]} 5. Nc3 {[%emt 0:00:00]} Nc6 {[%emt 0:00:07]} 6. Bg5 {[%emt 0:00:03]} e6 {[%emt 0:00:12]} 7. Qd2 {[%emt 0:00:04]} Be7 {[%emt 0:00:05]} 8. O-O-O {[%emt 0:00:03]} Bd7 {[%emt 0:00:16]} 9. Ndb5 {[%emt 0:00:26]} d5 {[%emt 0:01:19]} 10. exd5 {[%emt 0:00:35]} Nxd5 {[%emt 0:00:21]} 11. Bxe7 {[%emt 0:00:11]} Ncxe7 {[%emt 0:00:44]} 12. Nd6+ {[%emt 0:00:45]} Kf8 {[%emt 0:00:14]} 13. Nxd5 {[%emt 0:02:03]} Nxd5 {[%emt 0:00:27]} 14. Ne4 {[%emt 0:03:02]} Rc8 {[%emt 0:00:29]} 15. Kb1 {[%emt 0:00:07]} Ba4 {[%emt 0:02:30]} 16. b3 {[%emt 0:02:27]} Bd7 {[%emt 0:01:30]} 17. c4 {[%emt 0:00:13]} Nb6 {[%emt 0:00:06]} 18. Be2 {[%emt 0:01:06]} h6 {[%emt 0:00:54]} 19. Nd6 {[%emt 0:01:03]} Rc7 {[%emt 0:00:39]} 20. Nb5 {[%emt 0:00:37]} Rc8 {[%emt 0:01:02]} 21. Qd6+ {[%emt 0:02:59]} Kg8 {[%emt 0:01:50]} 22. Nxa7 {[%emt 0:00:04]} Ra8 {[%emt 0:01:01]} 23. Nb5 {[%emt 0:00:02]} Kh7 {[%emt 0:00:36]} 24. Nc7 {[%emt 0:00:23]} Rc8 {[%emt 0:00:56]} 25. Qxb6 {[%emt 0:00:12]} Rxc7 {[%emt 0:00:31]} 26. Bd3+ {[%emt 0:00:56]} g6 {[%emt 0:00:08]} 27. h4 {[%emt 0:00:13]} Qc8 {[%emt 0:00:33]} 28. h5 {[%emt 0:00:08]} Rc6 {[%emt 0:00:27]} 29. Qe3 {[%emt 0:00:28]} Kg7 {[%emt 0:00:20]} 30. hxg6 {[%emt 0:00:05]} fxg6 {[%emt 0:00:09]} 31. Qd4+ {[%emt 0:00:11]} Kf7 {[%emt 0:00:11]} 32. Be4 {[%emt 0:00:38]} Rc7 {[%emt 0:00:13]} 33. Qd3 {[%emt 0:00:32]} g5 {[%emt 0:00:44]} 34. f4 {[%emt 0:00:13]} gxf4 {[%emt 0:00:34]} 35. Qd6 {[%emt 0:00:04]} f3 {[%emt 0:00:51]} 36. Bxf3 {[%emt 0:00:12]} Be8 {[%emt 0:00:30]} 37. Rdf1 {[%emt 0:00:14]} Kg8 {[%emt 0:00:09]} 38. Bg4 {[%emt 0:00:11]} Bf7 {[%emt 0:00:04]} 39. Qg3 {[%emt 0:00:08]} Kf8 {[%emt 0:00:18]} 40. Qe5 {[%emt 0:00:16]} Ke7 {[%emt 0:00:15]} 41. Qf6+ {[%emt 0:00:04]} Kd6 {[%emt 0:00:09]} 42. Rd1+ {[%emt 0:00:06]} Kc6 {[%emt 0:00:05]} 43. Qd4 {[%emt 0:00:08]} Rd7 {[%emt 0:00:10]} 44. Bf3+ {[%emt 0:00:07]} Kc7 {[%emt 0:00:03]} 45. Qe5+ {[%emt 0:00:04]} Kd8 46. Rxd7+ {[%emt 0:00:05]} 1-0

[Event "29th Czech Open-Rapid 2018"]
[Site "Pardubice"]
[Date "2018.07.18"]
[Round "2"]
[White "Kyrychenko, Maryan"]
[Black "Pavlicek, Lukas"]
[Result "1-0"]
[WhiteElo "2152"]
[BlackElo "1819"]
[Annotator "NA"]
[PlyCount "85"]
[EventDate "2018.07.18"]
[EventType "swiss"]
[EventCountry "CZE"]
[SourceTitle "playchess.com"]
[Source "ChessBase"]
[SourceQuality "1"]
[TimeControl "900+10"]

1. e4 {[%emt 0:00:00]} c5 {[%emt 0:00:00]} 2. Nc3 {[%emt 0:00:00]} Nc6 {[%emt 0:00:03]} 3. f4 {[%emt 0:00:00]} e6 {[%emt 0:00:13]} 4. Nf3 {[%emt 0:00:00]} g6 {[%emt 0:00:50]} 5. Bb5 {[%emt 0:00:00]} Bg7 {[%emt 0:00:02]} 6. Bxc6 {[%emt 0:00:01]} bxc6 {[%emt 0:00:02]} 7. d3 {[%emt 0:00:02]} d5 {[%emt 0:00:24]} 8. O-O {[%emt 0:00:02]} Ba6 {[%emt 0:00:36]} 9. Qe1 {[%emt 0:00:24]} Ne7 {[%emt 0:00:30]} 10. f5 {[%emt 0:00:05]} dxe4 {[%emt 0:01:23]} 11. Nxe4 {[%emt 0:00:44]} exf5 {[%emt 0:02:06]} 12. Nxc5 {[%emt 0:00:13]} Bc8 {[%emt 0:01:12]} 13. c3 {[%emt 0:00:23]} O-O {[%emt 0:00:27]} 14. Bg5 {[%emt 0:00:52]} Re8 {[%emt 0:00:49]} 15. Qh4 {[%emt 0:00:13]} Qd6 {[%emt 0:00:51]} 16. d4 {[%emt 0:00:30]} Nd5 {[%emt 0:00:27]} 17. Rae1 {[%emt 0:00:39]} Be6 {[%emt 0:00:54]} 18. Bh6 {[%emt 0:01:45]} Rab8 {[%emt 0:00:33]} 19. Bxg7 {[%emt 0:00:09]} Kxg7 {[%emt 0:00:01]} 20. c4 {[%emt 0:02:16]} Nf6 {[%emt 0:00:35]} 21. b3 {[%emt 0:00:07]} h6 {[%emt 0:00:50]} 22. Re2 {[%emt 0:00:12]} Re7 {[%emt 0:00:36]} 23. Rfe1 {[%emt 0:00:05]} Rbe8 {[%emt 0:00:03]} 24. h3 {[%emt 0:01:37]} Nh5 {[%emt 0:00:54]} 25. Ne5 {[%emt 0:00:21]} Rd8 {[%emt 0:01:00]} 26. Nxc6 {[%emt 0:00:37]} g5 {[%emt 0:01:04]} 27. Qxh5 {[%emt 0:00:08]} Qxc6 {[%emt 0:00:01]} 28. Nxe6+ {[%emt 0:01:04]} fxe6 {[%emt 0:00:16]} 29. d5 {[%emt 0:00:06]} Qb6+ {[%emt 0:00:23]} 30. Kh1 {[%emt 0:00:04]} Rde8 {[%emt 0:00:03]} 31. Qf3 {[%emt 0:00:36]} Kf6 {[%emt 0:00:39]} 32. Qc3+ {[%emt 0:00:07]} Kg6 {[%emt 0:00:06]} 33. c5 {[%emt 0:00:09]} Qa6 {[%emt 0:01:11]} 34. d6 {[%emt 0:00:01]} Rf7 {[%emt 0:00:14]} 35. Rxe6+ {[%emt 0:00:05]} Rxe6 {[%emt 0:00:02]} 36. Rxe6+ {[%emt 0:00:01]} Kh7 {[%emt 0:00:03]} 37. Qc4 {[%emt 0:00:32]} Qxa2 {[%emt 0:00:36]} 38. Re2 {[%emt 0:00:01]} Qa1+ {[%emt 0:00:14]} 39. Kh2 {[%emt 0:00:01]} Rg7 {[%emt 0:00:21]} 40. Qd3 {[%emt 0:00:23]} Qf6 {[%emt 0:00:11]} 41. d7 {[%emt 0:00:27]} Qd8 {[%emt 0:00:14]} 42. Qxf5+ {[%emt 0:00:03]} Rg6 {[%emt 0:00:02]} 43. Re6 {[%emt 0:00:09]} 1-0

[Event "29th Czech Open-Rapid 2018"]
[Site "Pardubice"]
[Date "2018.07.18"]
[Round "2"]
[White "Vokoun, Jan"]
[Black "Khmelev, Mikhail"]
[Result "0-1"]
[WhiteElo "2124"]
[BlackElo "1972"]
[Annotator "NA"]
[PlyCount "82"]
[EventDate "2018.07.18"]
[EventType "swiss"]
[EventCountry "CZE"]
[SourceTitle "playchess.com"]
[Source "ChessBase"]
[SourceQuality "1"]
[TimeControl "900+10"]

1. d4 {[%emt 0:00:00]} e6 {[%emt 0:00:00]} 2. Nf3 {[%emt 0:00:14]} Nf6 {[%emt 0:00:00]} 3. e3 {[%emt 0:00:33]} d5 {[%emt 0:00:07]} 4. Bd3 {[%emt 0:00:34]} c5 {[%emt 0:00:02]} 5. c3 {[%emt 0:00:01]} Nc6 {[%emt 0:00:05]} 6. Nbd2 {[%emt 0:00:10]} Bd6 {[%emt 0:00:03]} 7. Qe2 {[%emt 0:01:19]} O-O {[%emt 0:00:03]} 8. dxc5 {[%emt 0:01:25]} Bxc5 {[%emt 0:00:02]} 9. e4 {[%emt 0:00:01]} Ne7 {[%emt 0:02:18]} 10. e5 {[%emt 0:00:45]} Nd7 {[%emt 0:00:04]} 11. Nb3 {[%emt 0:00:53]} Ng6 {[%emt 0:00:21]} 12. O-O {[%emt 0:01:54]} Qc7 {[%emt 0:01:05]} 13. Re1 {[%emt 0:00:32]} Be7 {[%emt 0:00:17]} 14. g3 {[%emt 0:02:28]} Nc5 {[%emt 0:00:01]} 15. Nxc5 {[%emt 0:00:15]} Bxc5 {[%emt 0:00:01]} 16. Be3 {[%emt 0:01:00]} b6 {[%emt 0:00:15]} 17. Bd4 {[%emt 0:00:23]} f5 {[%emt 0:02:02]} 18. exf6 {[%emt 0:00:27]} gxf6 {[%emt 0:00:01]} 19. c4 {[%emt 0:00:58]} Bxd4 {[%emt 0:02:20]} 20. Nxd4 {[%emt 0:00:02]} Qe5 {[%emt 0:00:00]} 21. Nf3 {[%emt 0:01:44]} Qxe2 {[%emt 0:00:12]} 22. Rxe2 {[%emt 0:00:02]} Kf7 {[%emt 0:01:03]} 23. cxd5 {[%emt 0:00:04]} exd5 {[%emt 0:00:01]} 24. Rc1 {[%emt 0:00:11]} Bg4 {[%emt 0:00:05]} 25. Re3 {[%emt 0:00:08]} Rac8 {[%emt 0:00:15]} 26. Rxc8 {[%emt 0:01:23]} Rxc8 {[%emt 0:00:01]} 27. Nd4 {[%emt 0:00:17]} Bh3 {[%emt 0:00:04]} 28. f4 {[%emt 0:00:35]} Rc1+ {[%emt 0:00:54]} 29. Kf2 {[%emt 0:00:01]} Rh1 {[%emt 0:00:13]} 30. Nf3 {[%emt 0:00:05]} Bg4 {[%emt 0:00:02]} 31. Kg2 {[%emt 0:00:49]} Bxf3+ {[%emt 0:00:03]} 32. Rxf3 {[%emt 0:00:01]} Rd1 {[%emt 0:00:04]} 33. Bc2 {[%emt 0:00:14]} Ra1 {[%emt 0:00:47]} 34. Bb3 {[%emt 0:00:23]} Ne7 {[%emt 0:00:06]} 35. Rd3 {[%emt 0:00:17]} Rb1 {[%emt 0:00:07]} 36. Rd2 {[%emt 0:00:01]} Ke6 {[%emt 0:00:01]} 37. Kf2 {[%emt 0:00:16]} Kd6 {[%emt 0:00:01]} 38. g4 {[%emt 0:00:12]} h6 {[%emt 0:00:20]} 39. Kg3 {[%emt 0:00:06]} Rg1+ {[%emt 0:00:04]} 40. Kf2 {[%emt 0:00:22]} Rxg4 {[%emt 0:00:03]} 41. Kf3 {[%emt 0:00:06]} Rg1 {[%emt 0:00:08]} 0-1

[Event "29th Czech Open-Rapid 2018"]
[Site "Pardubice"]
[Date "2018.07.18"]
[Round "2"]
[White "Chekletsov, Egor"]
[Black "Rasik, Vitezslav"]
[Result "0-1"]
[WhiteElo "2123"]
[BlackElo "2458"]
[Annotator "TA"]
[PlyCount "113"]
[EventDate "2018.07.18"]
[EventType "swiss"]
[EventCountry "CZE"]
[SourceTitle "playchess.com"]
[Source "ChessBase"]
[SourceQuality "1"]

{[%evp 11,113,24,30,-4,4,11,15,0,0,12,9,0,0,0,0,-51,-46,-51,-50,-51,-26,-31,-31,-43,-25,-72,-20,-36,-30,-44,-8,-35,0,-44,0,-13,-5,-36,-37,-39,-25,-32,-25,-103,-89,-83,-86,-96,-97,-112,-110,-118,-113,-117,-113,-126,-113,-160,-161,-147,-142,-230,-228,-227,-169,-191,-191,-191,-191,-191,-188,-193,-198,-465,-465,-465,-465,-465,-465,-465,-465,-880,-865,-818,-606,-1395,-1370,-1292,-1208,-4627,-907,-4627,-4627,-2234,-2000,-6198,-6187,-6170,-6087,-6075,-5114,-5089,-4938,-1697]} 1. d4 d6 2. e4 g6 3. Nc3 Bg7 4. Be3 Nf6 5. f3 c6 6. a4 O-O {LiveBook: 11 Games} 7. Bd3 {B07: Pirc Defence: Miscellaneous Systems} Nbd7 8. Nge2 e5 9. Qd2 {The position is equal.} Re8 (9... exd4 10. Bxd4 b6 11. O-O Bb7 12. Rad1 a6 13. Kh1 Qc7 14. Be3 Rfe8 15. Bh6 Bh8 16. Ng3 Nc5 {½-½ (60) Utegaliev,A (2431)-Rozum,I (2545) Moscow 2015}) 10. O-O exd4 11. Nxd4 Ne5 12. Be2 $146 ({Predecessor:} 12. Rfd1 d5 13. exd5 Nxd5 14. Nxd5 Qxd5 {1-0 (24) Zivkovic,M (2034)-Salkic,F (2173) Lukavac 2012}) 12... d5 13. Nb3 (13. exd5 $11 Nxd5 14. Nxd5 cxd5 15. b3) 13... dxe4 $15 {Hoping for ...Qxd2.} 14. Qxd8 Rxd8 15. fxe4 Re8 16. Bg5 Nfd7 17. Rad1 Nf8 18. a5 Ne6 ({Black should play} 18... Bg4 $17) 19. Bh4 h6 20. Bg3 Nf8 21. Nc5 Ne6 22. Nb3 Ng5 23. h4 Ne6 24. Kh1 h5 25. Rd6 Nf8 26. a6 b6 27. Bxe5 (27. Nd4 $11) 27... Bxe5 $17 28. Rxc6 Bd7 29. Rc4 {[#]} Bxc3 $1 30. Rxc3 Rxe4 31. Bc4 Rxh4+ 32. Kg1 {Black must now prevent Bd5.} Be6 $36 {[%mdl 2048] Black is really pushing.} 33. Nd2 Rd8 34. Bxe6 Nxe6 ({Don't play} 34... fxe6 35. Nf3 $15) 35. Nf3 Re4 36. Re1 (36. Rc6 $17) 36... Rxe1+ $19 37. Nxe1 {[%mdl 4096] Endgame KRN-KRN} Nc5 38. Nd3 Nxa6 39. Ra3 {[#]} Nc5 $1 40. Nxc5 bxc5 41. Rxa7 {KR-KR} Rd2 42. Rc7 $2 (42. c3) 42... Rxc2 {Black is clearly winning.} 43. b4 c4 44. b5 Rb2 45. Rxc4 Rxb5 46. Kf2 (46. Rc2 $142 Kg7 47. Kf2) 46... Kg7 47. Kf3 g5 {[%cal Bg6g5,Bg5g4][%mdl 32]} 48. g3 Kg6 49. Kf2 f6 50. Kf3 Kf5 (50... g4+ $142 51. Kg2 Rb2+ 52. Kg1 Rb8) 51. Ra4 g4+ 52. Kf2 Rb2+ 53. Ke3 Rg2 54. Ra5+ Kg6 55. Kf4 Rf2+ 56. Ke4 Rf3 57. Kd4 {Precision: White = 22%, Black = 65%.} 0-1